000 00599nam a2200193Ia 4500
005 20260120124436.0
008 008 260114s9999 xx 000 0 eng d
020 _a9781838676049
037 _aEBOOK
040 _aCRL
_beng
_cCRL
041 _aeng
_2eng
084 _qCRL
245 0 _aConflict and Shifting Boundaries in the Gig Economy: An Interdisciplinary Analysis
260 _bEmerald Publishing
_c2020
700 _aRebecca Page-Tickell
_9906481
856 _uhttps://www.emerald.com/insight/publication/doi/10.1108/9781838676032
942 _cEBOOK
999 _c1498167
_d1498167